000 00613nam a22001937a 4500
999 _c14178
_d14178
003 AR-CdUCM
008 190422b ||||| |||| 00| 0 spa d
040 _aMUNICIPALIDAD PROVINCIAL DEL CUSCO
_cBIBLIOTECA MUNICIPAL DEL CUSCO
082 _aC / 985.61 /
_bN94
100 _aNuñez del Prado, Juan Victor
_932852
245 _aCruz Velakuy
260 _aCuzco :
_c1968.
300 _a59 páginas ;
_c22 cm.
505 _aDescripción preliminar -- La fiesta -- Consideraciones...
650 _aCruz Velakuy.
_932853
700 _aBonino Nievez, Marco
_932854
942 _2ddc
_cLIBROS
945 _awfj
_d2019-04-22